000 00860nam a2200253Ia 4500
003 OSt
005 20220925204209.0
006 a|||||r|||| 00| 0
007 ta
008 220923b |||||||| |||| 00| 0 eng d
037 _cGeneral Book
040 _aRTL
_cRTL
_beng
041 _2eng
_aeng
082 _aX:991.4498.N7, L1.1-.2
110 _aInternational Labour Office. Inter Agency Employment Mission to Ceylon
_9267887
245 0 _aMatching employment opportunities and expectations
260 _aGeneva
_bInternational Labour Office
_c1971
300 _a229; 251p.
_ccm.
490 _vV1
650 _aLabour Market Economics-Ceylon
_9267888
700 _aInternational Labour Office. Inter Agency Employment Mission to Ceylon
_9267889
942 _hX:991.4498.N7, L1.1-.2
_cGB
_2CC
999 _c548775
_d548775